02335 2200721 4500001002100000005001500021035002000036007000300056008004100059020002200100082001400122084002000136100002500156245008800181250001100269260004200280300002700322650005000349700002500399520022900424990001000653990002500663990002500688990002500713990002500738990002500763990002500788990001000813990002500823990002500848990002500873990002500898990002500923990001000948990002500958990002500983990002501008990002501033990002501058990001001083990002501093990002501118990002501143990002501168990002501193990001001218990002501228990002501253990002501278990002501303990002501328990001001353990002501363990002501388990002501413990002501438990002501463990002501488990002501513990002501538990002501563990002501588INLIS00000000000995720221104104231 a0010-0821000011ta221104 g 0 ind  a978-979-341-176-7 a345.025 3 a345.025 3 ISM p0 aIsmantoro Dwi Yuwono1 aPenerapan Hukum Dalam Kasus Kekerasan Seksual Terhadap Anak /cIsmantoro Dwi Yuwono aCet. 1 aYogyakarta :bPustaka Yustisia,c2015 aviii, 180 hlm ;c20 cm 4aPelecehan seksual terhadap anak - Aspek hukum0 aEditor by Tri Admojo aBuku ini menjelaskan bagaimana dasar hukum yang mengatur dan menerapkan sanksi terhadap tindak kekerasan seksual pada anak. Memuat pula contoh-contoh kasus yang pernah terjadi dalam masyarakat serta sejauh mana penanganannya a24465 a24466/MKRI-P/VI-2016 a24467/MKRI-P/VI-2016 a24468/MKRI-P/VI-2016 a24469/MKRI-P/VI-2016 a24470/MKRI-P/VI-2016 a24470/MKRI-P/VI-2016 a24465 a24466/MKRI-P/VI-2016 a24467/MKRI-P/VI-2016 a24468/MKRI-P/VI-2016 a24469/MKRI-P/VI-2016 a24469/MKRI-P/VI-2016 a24465 a24466/MKRI-P/VI-2016 a24467/MKRI-P/VI-2016 a24468/MKRI-P/VI-2016 a24470/MKRI-P/VI-2016 a24468/MKRI-P/VI-2016 a24465 a24466/MKRI-P/VI-2016 a24467/MKRI-P/VI-2016 a24469/MKRI-P/VI-2016 a24470/MKRI-P/VI-2016 a24467/MKRI-P/VI-2016 a24465 a24466/MKRI-P/VI-2016 a24468/MKRI-P/VI-2016 a24469/MKRI-P/VI-2016 a24470/MKRI-P/VI-2016 a24466/MKRI-P/VI-2016 a24465 a24467/MKRI-P/VI-2016 a24468/MKRI-P/VI-2016 a24469/MKRI-P/VI-2016 a24470/MKRI-P/VI-2016 a24465/MKRI-P/VI-2016 a24466/MKRI-P/VI-2016 a24467/MKRI-P/VI-2016 a24468/MKRI-P/VI-2016 a24469/MKRI-P/VI-2016 a24470/MKRI-P/VI-2016